Posúdenie vplyvu vybraného podniku na životné prostredie bakalárska práca

Salvato in:
Dettagli Bibliografici
Autore principale: Demko, Juraj
Ente Autore: Podnikovohospodárska fakulta EU so sídlom v Košiciach. Katedra manažmentu
Altri autori: Bosák, Martin, 1967-
Natura: Libro
Lingua:slovacco
Pubblicazione: Košice 2018
Tags: Aggiungi Tag
Nessun Tag, puoi essere il primo ad aggiungerne!!

MARC

LEADER 00000nbm a2200000 4500
001 0245763
005 20181024122959.3
041 0 |a slo 
044 |a SK 
245 1 0 |a Posúdenie vplyvu vybraného podniku na životné prostredie  |b bakalárska práca  |c Juraj Demko ; školiteľ: Martin Bosák 
264 1 |a Košice  |c 2018 
300 |a 62 s. 
100 1 |a Demko, Juraj 
700 1 |a Bosák, Martin, 1967- 
710 2 |a Podnikovohospodárska fakulta EU so sídlom v Košiciach. Katedra manažmentu